<?xml version="1.0" encoding="UTF-8"?>
<record
    xmlns:xsi="http://www.w3.org/2001/XMLSchema-instance"
    xsi:schemaLocation="http://www.loc.gov/MARC21/slim http://www.loc.gov/standards/marcxml/schema/MARC21slim.xsd"
    xmlns="http://www.loc.gov/MARC21/slim">

  <leader>02812cam a2200445 a 4500</leader>
  <controlfield tag="001">16478035</controlfield>
  <controlfield tag="003">OSt</controlfield>
  <controlfield tag="005">20260416075224.0</controlfield>
  <controlfield tag="008">100927s2007    enkab         001 0 eng  </controlfield>
  <datafield tag="010" ind1=" " ind2=" ">
    <subfield code="a">  2010503719</subfield>
  </datafield>
  <datafield tag="015" ind1=" " ind2=" ">
    <subfield code="a">GBA707248</subfield>
    <subfield code="2">bnb</subfield>
  </datafield>
  <datafield tag="016" ind1="7" ind2=" ">
    <subfield code="a">013651373</subfield>
    <subfield code="2">Uk</subfield>
  </datafield>
  <datafield tag="020" ind1=" " ind2=" ">
    <subfield code="a">9780852558881 (pbk.)</subfield>
  </datafield>
  <datafield tag="020" ind1=" " ind2=" ">
    <subfield code="a">0852558880 (pbk.)</subfield>
  </datafield>
  <datafield tag="020" ind1=" " ind2=" ">
    <subfield code="a">9781869141295 (University of KwaZuluNatal Press : pbk.)</subfield>
  </datafield>
  <datafield tag="020" ind1=" " ind2=" ">
    <subfield code="a">1869141296 (University of KwaZuluNatal Press : pbk.)</subfield>
  </datafield>
  <datafield tag="020" ind1=" " ind2=" ">
    <subfield code="a">9780870138164 (Michigan State University Press : pbk.)</subfield>
  </datafield>
  <datafield tag="020" ind1=" " ind2=" ">
    <subfield code="a">0870138162 (Michigan State University Press : pbk.)</subfield>
  </datafield>
  <datafield tag="035" ind1=" " ind2=" ">
    <subfield code="a">(OCoLC)ocm80332878</subfield>
  </datafield>
  <datafield tag="040" ind1=" " ind2=" ">
    <subfield code="a">UKM</subfield>
    <subfield code="c">UKM</subfield>
    <subfield code="d">YDXCP</subfield>
    <subfield code="d">OL$</subfield>
    <subfield code="d">IUL</subfield>
    <subfield code="d">BAKER</subfield>
    <subfield code="d">BTCTA</subfield>
    <subfield code="d">C#P</subfield>
    <subfield code="d">UUS</subfield>
    <subfield code="d">VRC</subfield>
    <subfield code="d">DLC</subfield>
    <subfield code="d">JCSC</subfield>
  </datafield>
  <datafield tag="042" ind1=" " ind2=" ">
    <subfield code="a">ukblsr</subfield>
    <subfield code="a">lccopycat</subfield>
  </datafield>
  <datafield tag="043" ind1=" " ind2=" ">
    <subfield code="a">f------</subfield>
  </datafield>
  <datafield tag="050" ind1="0" ind2="0">
    <subfield code="a">HD966</subfield>
    <subfield code="b">.C68 2007</subfield>
  </datafield>
  <datafield tag="082" ind1="0" ind2="4">
    <subfield code="a">333.316</subfield>
    <subfield code="2">22</subfield>
  </datafield>
  <datafield tag="245" ind1="0" ind2="0">
    <subfield code="a">Conflicts over land &amp; water in Africa /</subfield>
    <subfield code="c">edited by Bill Derman, Rie Odgaard &amp; Espen Sjaastad.</subfield>
  </datafield>
  <datafield tag="260" ind1=" " ind2=" ">
    <subfield code="a">Oxford :</subfield>
    <subfield code="b">James Currey,</subfield>
    <subfield code="c">2007.</subfield>
  </datafield>
  <datafield tag="300" ind1=" " ind2=" ">
    <subfield code="a">xi, 244 p. :</subfield>
    <subfield code="b">ill., maps ;</subfield>
    <subfield code="c">23 cm.</subfield>
  </datafield>
  <datafield tag="500" ind1=" " ind2=" ">
    <subfield code="a">Includes index.</subfield>
  </datafield>
  <datafield tag="504" ind1=" " ind2=" ">
    <subfield code="a">Includes bibliographical references and index.</subfield>
  </datafield>
  <datafield tag="505" ind1="0" ind2=" ">
    <subfield code="a">Introduction / Bill Derman, Rie Odgaard, Espen Sjaastad -- Conflicts &amp; the reinterpretation of customary tenure in Ghana / Kojo Sebastian Amanor -- Land tenure &amp; land conflicts among the Kwanja in Adamawa, Northern Cameroon : "our land is not for sale" / Quentin Gausset -- Adaptability, identity &amp; conflict mediation among the Hawawir in Northern Sudan / Kjersti Larsen -- Negotiating access to land in West Africa : who is losing out? / Camilla Toulmin -- Land tenure reform in a Namaqualand communal area, South Africa : contesting Komaggas / Poul Wisborg -- Land reform &amp; the rekindling of land conflicts in South Africa : rural women's access to land / Nancy Andrew -- Land, identity &amp; violence in Zimbabwe / Bill Derman, Anne Hellum -- The authority &amp; violence of a hunters' association in Western Burkina Faso : "each bird is sitting in its own tree" / Sten Hagberg -- Contested identities &amp; resource conflicts in Morogoro Region, Tanzania : who is indigenous? / Faustin Maganga, Rie Odgaard, Espen Sjaastad -- The use &amp; management of water sources in Kenya's drylands : is there a link between scarcity &amp; violent conflicts? / Karen Witsenburg, Adano Wario Roba.</subfield>
  </datafield>
  <datafield tag="650" ind1=" " ind2="0">
    <subfield code="a">Land reform</subfield>
    <subfield code="z">Africa.</subfield>
  </datafield>
  <datafield tag="650" ind1=" " ind2="0">
    <subfield code="a">Water-supply</subfield>
    <subfield code="x">Political aspects</subfield>
    <subfield code="z">Africa.</subfield>
  </datafield>
  <datafield tag="700" ind1="1" ind2=" ">
    <subfield code="a">Derman, William.</subfield>
  </datafield>
  <datafield tag="700" ind1="1" ind2=" ">
    <subfield code="a">Odgaard, Rie.</subfield>
  </datafield>
  <datafield tag="700" ind1="1" ind2=" ">
    <subfield code="a">Sjaastad, Espen.</subfield>
  </datafield>
  <datafield tag="776" ind1="0" ind2="8">
    <subfield code="i">Online version:</subfield>
    <subfield code="t">Conflicts over land &amp; water in Africa.</subfield>
    <subfield code="d">Oxford : James Currey, 2007</subfield>
    <subfield code="w">(OCoLC)607865326</subfield>
  </datafield>
  <datafield tag="906" ind1=" " ind2=" ">
    <subfield code="a">7</subfield>
    <subfield code="b">cbc</subfield>
    <subfield code="c">copycat</subfield>
    <subfield code="d">3</subfield>
    <subfield code="e">ncip</subfield>
    <subfield code="f">20</subfield>
    <subfield code="g">y-gencatlg</subfield>
  </datafield>
  <datafield tag="942" ind1=" " ind2=" ">
    <subfield code="2">lcc</subfield>
    <subfield code="c">BK</subfield>
    <subfield code="n">0</subfield>
  </datafield>
  <datafield tag="999" ind1=" " ind2=" ">
    <subfield code="c">19334</subfield>
    <subfield code="d">19334</subfield>
  </datafield>
  <datafield tag="952" ind1=" " ind2=" ">
    <subfield code="0">0</subfield>
    <subfield code="1">0</subfield>
    <subfield code="2">lcc</subfield>
    <subfield code="4">0</subfield>
    <subfield code="7">0</subfield>
    <subfield code="a">IPSTC</subfield>
    <subfield code="b">IPSTC</subfield>
    <subfield code="d">2022-11-14</subfield>
    <subfield code="i">1203/2011</subfield>
    <subfield code="l">0</subfield>
    <subfield code="o">HD966 .C68 2007</subfield>
    <subfield code="p">200112032011</subfield>
    <subfield code="r">2022-11-14</subfield>
    <subfield code="t">c1</subfield>
    <subfield code="w">2022-11-14</subfield>
    <subfield code="y">BK</subfield>
  </datafield>
  <datafield tag="952" ind1=" " ind2=" ">
    <subfield code="0">0</subfield>
    <subfield code="1">0</subfield>
    <subfield code="2">lcc</subfield>
    <subfield code="4">0</subfield>
    <subfield code="7">0</subfield>
    <subfield code="a">IPSTC</subfield>
    <subfield code="b">IPSTC</subfield>
    <subfield code="d">2022-11-14</subfield>
    <subfield code="i">1488/2012</subfield>
    <subfield code="l">0</subfield>
    <subfield code="o">HD966 .C68 2007</subfield>
    <subfield code="p">200114882012</subfield>
    <subfield code="r">2022-11-14</subfield>
    <subfield code="t">c2</subfield>
    <subfield code="w">2022-11-14</subfield>
    <subfield code="y">BK</subfield>
  </datafield>
  <datafield tag="952" ind1=" " ind2=" ">
    <subfield code="0">0</subfield>
    <subfield code="1">0</subfield>
    <subfield code="2">lcc</subfield>
    <subfield code="4">0</subfield>
    <subfield code="7">0</subfield>
    <subfield code="a">JCSC</subfield>
    <subfield code="b">JCSC</subfield>
    <subfield code="c">GEN</subfield>
    <subfield code="d">2024-07-26</subfield>
    <subfield code="l">0</subfield>
    <subfield code="o">HD966 .C68 2007</subfield>
    <subfield code="p">jcsc003665</subfield>
    <subfield code="r">2024-07-26</subfield>
    <subfield code="t">5142/10</subfield>
    <subfield code="w">2024-07-26</subfield>
    <subfield code="y">BK</subfield>
  </datafield>
  <datafield tag="952" ind1=" " ind2=" ">
    <subfield code="0">0</subfield>
    <subfield code="1">0</subfield>
    <subfield code="2">lcc</subfield>
    <subfield code="4">0</subfield>
    <subfield code="7">0</subfield>
    <subfield code="a">JCSC</subfield>
    <subfield code="b">JCSC</subfield>
    <subfield code="c">GEN</subfield>
    <subfield code="d">2024-07-26</subfield>
    <subfield code="l">0</subfield>
    <subfield code="o">HD966 .C68 2007</subfield>
    <subfield code="p">jcsc003666</subfield>
    <subfield code="r">2024-07-26</subfield>
    <subfield code="t">5400/12</subfield>
    <subfield code="w">2024-07-26</subfield>
    <subfield code="y">BK</subfield>
  </datafield>
  <datafield tag="952" ind1=" " ind2=" ">
    <subfield code="0">0</subfield>
    <subfield code="1">0</subfield>
    <subfield code="2">lcc</subfield>
    <subfield code="4">0</subfield>
    <subfield code="7">0</subfield>
    <subfield code="a">JCSC</subfield>
    <subfield code="b">JCSC</subfield>
    <subfield code="c">GEN</subfield>
    <subfield code="d">2025-07-30</subfield>
    <subfield code="i">5399/12</subfield>
    <subfield code="l">0</subfield>
    <subfield code="o">HD966 .C68 2007</subfield>
    <subfield code="p">jcsc004775</subfield>
    <subfield code="r">2025-07-30</subfield>
    <subfield code="w">2025-07-30</subfield>
    <subfield code="y">BK</subfield>
  </datafield>
  <datafield tag="952" ind1=" " ind2=" ">
    <subfield code="0">0</subfield>
    <subfield code="1">0</subfield>
    <subfield code="2">lcc</subfield>
    <subfield code="4">0</subfield>
    <subfield code="7">0</subfield>
    <subfield code="a">IPSTC</subfield>
    <subfield code="b">IPSTC</subfield>
    <subfield code="d">2026-04-16</subfield>
    <subfield code="i">1977/2016</subfield>
    <subfield code="l">0</subfield>
    <subfield code="o">HD966 .C68 2007</subfield>
    <subfield code="p">200119772016</subfield>
    <subfield code="r">2026-04-16</subfield>
    <subfield code="t">c3</subfield>
    <subfield code="w">2026-04-16</subfield>
    <subfield code="y">BK</subfield>
  </datafield>
</record>
